من و سلویٰ ، Mann O salwa / (Record no. 599757)

000 -LEADER
fixed length control field 00323nam a2200121Ia 4500
008 - FIXED-LENGTH DATA ELEMENTS--GENERAL INFORMATION
fixed length control field 230907s9999||||xx |||||||||||||| ||und||
082 ## - DEWEY DECIMAL CLASSIFICATION NUMBER
Classification number 891.4393
Author Mark UME
245 #0 - TITLE STATEMENT
Title من و سلویٰ ، Mann O salwa /
260 ## - PUBLICATION, DISTRIBUTION, ETC.
Place of publication, distribution, etc. Ilm-O-Irfan Publishers,
Name of publisher, distributor, etc. Lahore :
Date of publication, distribution, etc. 2017
300 ## - PHYSICAL DESCRIPTION
Extent 640 p.
650 ## - SUBJECT ADDED ENTRY--TOPICAL TERM
Topical term or geographic name entry element Urdu Literature
942 ## - ADDED ENTRY ELEMENTS (KOHA)
Koha item type Book
Holdings
Withdrawn status Lost status Damaged status Not for loan Permanent Location Current Location Date acquired Total Checkouts Total Renewals Full call number Barcode Date last seen Date last checked out Price effective from Koha item type
        US-Pakistan Center for Advanced Studies in Energy (USPCAS-E) US-Pakistan Center for Advanced Studies in Energy (USPCAS-E) 10/02/2019 4 2 891.4393 UME CAS-E0003856 10/23/2024 08/16/2024 09/12/2023 Book
© 2023 Central Library, National University of Sciences and Technology. All Rights Reserved.